| 000 | 00665nam a2200205 i 4500 | ||
|---|---|---|---|
| 001 | 29500 | ||
| 003 | ES-MaACL | ||
| 007 | t| | ||
| 008 | 030122s1901 sp ||||1| spa d | ||
| 100 | 1 |
_aBark, Ernesto. _925673 |
|
| 245 | 1 | 0 |
_aModernismo _b: ; Regeneración ; Espíritu moderno ; Política pedagógica ; A los padres y maestros ; La joven España ; Glorias modernas / _cErnesto Bark. |
| 260 |
_aMadrid : _b[s.n., _c1901] |
||
| 740 | 0 | _aRegeneración. | |
| 740 | 0 | _aEspíritu moderno. | |
| 740 | 0 | _aPolítica pedagógica. | |
| 740 | 0 | _aA los padres y maestros. | |
| 740 | 3 | _aLa joven España. | |
| 740 | 0 | _aGlorias modernas. | |
| 852 |
_aES-MaACL _jT-938-F-6 |
||
| 999 |
_c29500 _d29500 |
||